000 00334nam a22001457a 4500
008 230531b ||||| |||| 00| 0 eng d
020 _a9780134475585
041 _aeng
080 _216TH EDITION
_a330
082 _a330SRI
100 _a23
101 _aMBE
245 _aHORNGREN'S COST ACCOUNTING
_cSRIKANT.M.D
942 _2udc
_cBK
999 _c59883
_d59883